000 00890nam a22002771 4500
001 36034
003 BD-RjUL
005 20211209052425.0
008 140615s1965 nyu bc 000 0 eng d
035 _a(BD-RjUL)36131
035 _a(OCoLC)506905
040 _aDLC
_cODaWU
_dOCoLC
_dUk
_dDLC
_dBD-RjUL
_beng
041 _aeng
082 0 0 _a320.942
_bSOU 1965
245 1 0 _aSources in British political thought, 1593-1900 /
_cWilfrid Harrison,
260 _aNew York :
_bFree Press ;
_c1965.
300 _aviii, 289 p. ;
_c21 cm.
490 0 _aSources in Western political thought
500 _a"Companion volume, Conflict and compromise: history of British political thought, 1593-1900."
504 _aBibliographical footnotes.
650 0 _aPolitical science.
_9109690
700 _aHarrison, Wilfrid,
_991597
942 _2ddc
_cBK
999 _c36034
_d36034